| 000 | 00619nam a2200193 i 4500 | ||
|---|---|---|---|
| 001 | 57888 | ||
| 003 | ES-MaACL | ||
| 007 | t| | ||
| 008 | 031020s1985 sp ||||1| spa d | ||
| 020 | _a84-348-1528-1 | ||
| 100 | 1 |
_aDonézar, Javier María. _945311 |
|
| 245 | 1 | 3 |
_aLa Constitución de 1869 y la Revolución burguesa / _cJavier Mª Donézar. |
| 260 |
_aMadrid : _bFundación Santa María, _c[1985] |
||
| 300 |
_a79 p. ; _c19 cm. |
||
| 490 | 1 |
_aCátedra de estudios hispánicos ; _v4 |
|
| 830 | 0 |
_aCátedra de estudios hispánicos ; _v4 _9230453 |
|
| 852 |
_aES-MaACL _jL-8467 _bR.109179 |
||
| 999 |
_c57888 _d57888 |
||